000
00336 a2200157 4500
001
169634
020
_a
85-89020-09-6
040
_c
Magnum
100
_a
Bojunga, Lygia
240
1
0
_a
O sofá estampado
_l
por
245
1
0
_a
O sofá estampado
300
_a
204
362
0
_a
2007
697
_a
LITERATURA INFANTO-JUVENIL
942
_c
BK
999
_c
169634
_d
169634